Strategic management in Malaysia : concepts & illustrations.
| Main Author: | |
|---|---|
| Format: | Book |
| Published: |
Kuala Lumpur:
MIM,
2001.
|
| Subjects: |
| LEADER | 00508cam a2200169 7i4500 | ||
|---|---|---|---|
| 001 | 0000019279 | ||
| 005 | 20070523090000.0 | ||
| 020 | 0 | 0 | |a 983-9065-16-5 |
| 090 | 0 | 0 | |a B 658.401209595 |b LIM |
| 100 | 1 | 0 | |a Lim |
| 245 | 1 | 0 | |a Strategic management in Malaysia : |b concepts & illustrations. |
| 260 | 0 | 0 | |a Kuala Lumpur: |b MIM, |c 2001. |
| 300 | # | # | |a 140 p. |
| 650 | 0 | 0 | |a Strategic planning -- |z Malaysia |
| 650 | 0 | 0 | |a Business planning -- |z Malaysia |
| 651 | 0 | 0 | |a Malaysia |
| 999 | |a B000020143 |b Book |c Book |e Business Information Centre | ||


